Optoelectronics Device Data (Record no. 303387)

MARC details
000 -LEADER
fixed length control field 00399nam a2200157Ia 4500
008 - FIXED-LENGTH DATA ELEMENTS--GENERAL INFORMATION
fixed length control field 230718s9999 xx 000 0 und d
041 ## - LANGUAGE CODE
Language code of text/sound track or separate title eng
082 ## - DEWEY DECIMAL CLASSIFICATION NUMBER
Classification number 621.381 045
Item number MOT
100 ## - MAIN ENTRY--PERSONAL NAME
Personal name Motorola
245 ## - TITLE STATEMENT
Title Optoelectronics Device Data
260 ## - PUBLICATION, DISTRIBUTION, ETC. (IMPRINT)
Date of publication, distribution, etc. 1990
Name of publisher, distributor, etc. Motorola
300 ## - PHYSICAL DESCRIPTION
Extent 369
Accompanying material [OBSOLETE, CAN/MARC] Ref 64 E (1747)
365 ## - TRADE PRICE
Currency code Rs.
Price amount 350.00
700 ## - ADDED ENTRY--PERSONAL NAME
Personal name Motorola
906 ## - LOCAL DATA ELEMENT F, LDF (RLIN)
d B:102518-Apr-2002
c ETC
b 52.5
Holdings
Withdrawn status Lost status Damaged status Not for loan Home library Current library Date acquired Vendor Budget Code Cost, normal purchase price Bill number Total Checkouts Full call number Barcode Date last seen Discount Cost, replacement price Bill Date Koha item type Original Barcode
        Cummins College of Engineering for Women Pune Cummins College of Engineering for Women Pune 22/04/2002 SNJA ETC 297.50 1025   621.381 045 CCEP-BK-14594 11/10/2023 52.5 350.00 18/04/2002 Books 014594